|
|
|
|
| LEADER |
00000nam a22000007a 4500 |
| 001 |
005821 |
| 003 |
UAHC_CL |
| 005 |
20180320110919.0 |
| 008 |
180320s2011 sp 000 spa |
| 952 |
|
|
|0 0
|1 0
|2 ddc
|4 0
|6 306_000000000000000_HARL
|7 0
|8 BAS
|9 12661
|a BC
|b BC
|c General
|d 2017-08-03
|l 1
|m 1
|o 306 HARL
|p 1405596
|r 2026-01-13 00:00:00
|s 2018-02-06
|t c.2
|w 2017-08-03
|y BK
|A 63
|A 6
|A 62
|B ANT
|C 6
|
| 952 |
|
|
|0 0
|1 0
|2 ddc
|4 0
|6 306_000000000000000_HARL
|7 0
|8 BAS
|9 12694
|a BC
|b BC
|c General
|d 2018-03-20
|e Compra
|g 14863.00
|l 3
|m 4
|o 306 HARL
|p 1362628
|r 2026-01-13 00:00:00
|s 2022-09-09
|t c.1
|v 14863.00
|w 2017-08-03
|x OC: 2102 / Factura: 19551
|y BKS
|A 62
|B ANT
|C 6
|
| 999 |
|
|
|c 50386
|d 50386
|
| 020 |
|
|
|a 9788420658759
|
| 035 |
|
|
|a CENTRAL
|
| 040 |
|
|
|a UAHC_CL
|c UAHC_CL
|d UAHC_CL
|
| 082 |
0 |
4 |
|a 306
|b H315
|2 20
|
| 100 |
|
|
|a Harris, Marvin
|d 1927-2001
|9 2456
|
| 245 |
1 |
0 |
|a Antropología Cultural
|c Marvin Harris.
|
| 250 |
|
|
|a 3a. ed.
|
| 260 |
|
|
|b Alianza,
|c 2011.
|a Madrid :
|
| 300 |
|
|
|a 655 p.
|
| 440 |
|
|
|9 2457
|a El libro de bolsillo
|
| 520 |
|
|
|a Antropología cultural proporciona una perspectiva global y comparativa que nos ayuda a entender el origen y el porvenir del mundo moderno. Tocando desde los fundamentos biológicos y evolucionistas de la cultura hasta los aspectos infraestructurales, estructurales y superestructurales de los sistemas socioculturales, Marvin Harris explica por qué las costumbres y creencias difieren de una sociedad a otra y por qué, a pesar de todas las diferencias, existen enormes semejanzas en la forma en que viven los seres humanos, aun estando en las más distantes partes del globo.
|
| 650 |
|
0 |
|a Antropología cultural y social
|9 429
|
| 942 |
|
|
|c BK
|2 ddc
|